The Japan that can say no

Guardat en:
Dades bibliogràfiques
Autor principal: Shintaro, Ishihara
Format: Llibre
Idioma:Undetermined
Publicat: New York Simon & Schuster 1991
Matèries:
Etiquetes: Afegir etiqueta
Sense etiquetes, Sigues el primer a etiquetar aquest registre!
Thư viện lưu trữ: Trung tâm Học liệu Trường Đại học Cần Thơ
LEADER 00479nam a2200181Ia 4500
001 CTU_78828
008 210402s9999 xx 000 0 und d
082 |a 327.5 
082 |b I.79 
100 |a Shintaro, Ishihara 
245 4 |a The Japan that can say no 
245 0 |c Shintaro Ishihara 
260 |a New York 
260 |b Simon & Schuster 
260 |c 1991 
650 |a Relations 
650 |z Japan,United States 
980 |a Trung tâm Học liệu Trường Đại học Cần Thơ